000 01734nam a2200205 a 4500
008 011117t2015 ag |||g |||| 000 0 spa d
020 _a9789876579780
041 _aspa
092 _c808
_l4
_sARC
100 1 _aArce, Rafael
_93343
245 _aJuan José Saer.
_bLa felicidad de la novela /
_cRafael Arce
250 _a1a ed.
260 _aSanta Fe:
_bUniversidad Nacional del Litoral;
_c2015.
300 _a208 p.
_c22x14 cm.
500 _aArce, R. (2015). Juan José Saer. La felicidad de la novela. (1a ed.). Santa Fe : Universidad Nacional del Litoral.
505 _a¿Qué sugieren los dos puntos que esconden el título? No sólo la equivalencia implícita en los términos intercambiables, sino también la voluntad de lectura. La obra de Juan José Saer es rescatada de la perplejidad crítica y de la ardua interpretación, para enriquecerla con la reflexión ensayística. Rafael Arce busca una nueva predicación intelectual para esta literatura que se mueve apenas entre la rigidez y la previsibilidad académicas. La noción de felicidad no incluye solamente la narrativa lograda y la ficción perdurable, sino también el ensayo como espacio hospitalario de iluminación conceptual. Precisamente, la felicidad postulada por Arce en estas tesis pasa por activar otras premisas y miradas sobre la literatura de Saer, que trasciendan y actualicen el edificio de jerarquías con que la crítica académica fracciona el corpus de este autor. Cuanto más se escribe sobre Saer, más replegada o muda parecer quedar su literatura. No tanto a resolver incógnitas, Arce viene a ofrecer estrategias para acecharlas.
590 _aDonación. Proyecto Literatura 4to libro
655 _aLiteratura
_92917
942 _2ddc
_cLIT
999 _c2512
_d2512